Doprava a zaťaženie životného prostredia v danej lokalite

Salvato in:
Dettagli Bibliografici
Autore principale: Tóth, Martin, 1982- (Autore)
Altri autori: Bartošová, Ľudmila, 1948- (Relatore della tesi)
Natura: Manoscritto Libro
Lingua:slovacco
Pubblicazione: Bratislava : STU v Bratislave SvF, 2010
Soggetti:
Accesso online:VAIS
Tags: Aggiungi Tag
Nessun Tag, puoi essere il primo ad aggiungerne!!

MARC

LEADER 00000ntm a22000003a 4500
001 stu221358
005 20160721135525.4
008 110215s2010----xo------------------slo-d
040 |a STU  |b slo 
041 0 |a slo 
044 |a xo 
100 1 |a Tóth, Martin,  |d 1982-  |4 aut  |X 21278  |7 A000021278 
242 0 0 |a Transport and environmental burden on the site  |y eng 
245 1 |a Doprava a zaťaženie životného prostredia v danej lokalite 
260 |a Bratislava :  |b STU v Bratislave SvF,  |c 2010 
650 7 |a inžinierske konštrukcie a dopravné stavby  |2 stusub 
650 7 |a Structural and Transportation Engineering  |2 estusub 
650 7 |a doprava  |2 stusub 
650 7 |a intenzita  |2 stusub 
650 7 |a transport  |2 estusub 
700 1 |a Bartošová, Ľudmila,  |d 1948-  |4 ths  |u V120  |U SvF Stavebná fakulta  |T SvF Katedra dopravných stavieb  |X 994  |U V120  |Y 12  |7 A000000994 
856 4 |a info a plný text  |u http://is.stuba.sk/zp/portal_zp.pl?podrobnosti=67928  |3 VAIS